| 000 | 00446nam a2200133Ia 4500 | ||
|---|---|---|---|
| 005 | 20260328101523.0 | ||
| 008 | 260328s9999||||xx |||||||||||||| ||und|| | ||
| 100 | _aLeal Spengler, Eusebio | ||
| 245 | 0 |
_aPara no olvidar : _b Testimonio Gráfico de la restauración del Centro Histórico de la Ciudad de La Habana / _cEusebio Leal Spengler |
|
| 260 | _bEdiciones Boloña | ||
| 300 | _a253 p. | ||
| 650 | _aCONSERVACIÓN Y RESTAURACIÓN | ||
| 942 | _cBK | ||
| 999 |
_c9681 _d9681 |
||